000 00766nam a2200241Ia 4500
003 OSt
005 20221007103728.0
006 a|||||r|||| 00| 0
007 ta
008 221006b |||||||| |||| 00| 0 eng d
024 _a13,855
037 _cTextual
040 _aLCO
_cLCO
_beng
041 _2eng
_aeng
082 _aZ251q, K2
245 0 _aDelhi Code
_b Being a Compilation of State Acts Extended to Delhi from Time to Time Under the Delhi Laws Act,1912 and the Union Territories (Laws) Acts, 1950 Law and Judicial Department
260 _aDelhi
_bManager of Publications India
_c1962
300 _a442
490 _v13-A
650 _aDELHI CODE
_9705515
942 _hZ251q, K2
_cTEXL
999 _c1183418
_d1183418